000 00475nam a2200181Ia 4500
008 240925s9999 xx 000 0 und d
020 _a471600123
082 _a621.3192 DOR
100 _aDorf, Richard C.
245 0 _aIntroduction to Electric Circuit
250 _a2nd
260 _aNew York:
_bJohn Wiley & Sons
_c,1993.
300 _axvii,1055p.
_bNA
_fPhotocopy
500 _aIncludes Index
600 _aElectrical Engineering
650 _aTechnology
942 _cBK
999 _c3010
_d3010